Statistiques concernant Focus sur: Sauron - Tolkien

Cliquez ici pour prendre le quiz!

Statistiques générales

  • Ce quiz a été pris 167 fois
    (106 depuis la dernière actualisation)
  • Le résultat moyen est 11 sur 23

Statistiques - réponses

Informations recherchéesRéponses% Correct
Seigneur des Ténèbres
99%
Couleur des cheveuxNoir
98%
Couleur associéeNoir
98%
Ages durant lequel il vécut en Terre du MilieuPremier/Deuxième/Troisième
92%
Seigneur du Mordor
88%
EspèceMaia
82%
Mordor
81%
Première apparitionLe Silmarillion
72%
Melkor
69%
Dol Guldur
48%
Utumno/Angband
46%
Valar associésAulë
34%
Anatar
32%
Nécromancien
22%
Autres noms et identitésMairon
21%
Contrées et forteressesValinor
20%
Gorthaur
19%
Númenor
19%
Professions et titresForgeron
16%
Zigûr
12%
Artano
11%
Aulendil
11%
Acteur l'interprétant dans les filmsSala Baker
9%

Distribution des résultats

Percentile par nombre de réponses

% des personnes avec chaque résultat

Votre développement - résultats

Vous n’avez pas pris ce quiz depuis la dernière actualisation